| 000 | 00467nam a2200193Ia 4500 | ||
|---|---|---|---|
| 005 | 20250923145254.0 | ||
| 008 | 008 250917s9999 xx 000 0 eng d | ||
| 037 | _aPeriodicals | ||
| 040 |
_aDSWL _beng _cDSWL |
||
| 041 |
_aeng _2eng |
||
| 084 | _qDSWL | ||
| 245 | 0 | _aSocial Scientist | |
| 260 |
_aNew Delhi _bIndian school of Social Science _c1972 |
||
| 365 |
_aINR _b24 |
||
| 490 | _vVol.Ist | ||
| 925 | _g24 | ||
| 942 | _cCR | ||
| 999 |
_c1449293 _d1449293 |
||